书目信息 |
| 题名: |
汉书
|
|
| 作者: | 班固 撰 ;颜师古 注 | |
| 分册: | 1 纪 | |
| 出版信息: | 北京 中华书局 1962 |
|
| 页数: | 361页 | |
| 开本: | 20cm | |
| 丛书名: | ||
| 单 册: | ||
| 中图分类: | K234.104.2 , K232 | |
| 科图分类: | ||
| 主题词: | 历史-中国-西汉时代--纪传体 , 西汉时代-历史--纪传体 | |
| 电子资源: | ||
| ISBN: | ||
| 000 | 00745nam0 2200277 450 | |
| 001 | 1553827368 | |
| 005 | 20150123145100.01 | |
| 010 | @dCNY1.10 | |
| 091 | @a11018.341 | |
| 100 | @a19961012d1962 em y0chiy0110 ea | |
| 101 | 0 | @achi |
| 102 | @aCN@b110000 | |
| 105 | @ay z 000yy | |
| 200 | 1 | @a汉书@9han shu@h1@i纪@f(汉)班固撰@g(唐)颜师古注 |
| 210 | @a北京@c中华书局@d1962 | |
| 215 | @a361页@d20cm | |
| 517 | 1 | @a纪@Aji |
| 606 | 0 | @a历史-中国-西汉时代@x纪传体 |
| 606 | 0 | @a西汉时代-历史@x纪传体 |
| 607 | @a中国-历史-西汉时代@x纪传体 | |
| 690 | @aK234.104.2@v5 | |
| 690 | @aK232@v4 | |
| 701 | 0 | @c(汉)@a班固@9ban gu@f(32~92)@4撰 |
| 702 | 0 | @a颜师古@9yan shi gu@4注 |
| 801 | 0 | @aCN@bTSSF@c20150123 |
| 905 | @aZUCC@dK232@eJY68:1 | |
| 汉书.1.纪/(汉)班固撰/(唐)颜师古注.-北京:中华书局,1962 |
| 361页;20cm |
| ISBN :CNY1.10 |
| ● |
| 相关链接 |
|
|
|
|
正题名:汉书
索取号:K232/JY68:1
 
预约/预借
| 序号 | 登录号 | 条形码 | 馆藏地/架位号 | 状态 | 备注 |
| 1 | 7849364 | 278493649 | 学院路分馆/ [索取号:K232/JY68:1] | 在馆 | |
| 2 | 7849365 | 278493658 | 学院路分馆/ [索取号:K232/JY68:1] | 在馆 |